00321 a2200097 4500001001000000005001700010008004100027245006600068100002100134773006800155ART_5141420260410161810.0260409a 10aLa reciente decisión adoptada por la IGJ en el caso "Remax"1 aPapa, Rodolfo G.0 tDoctrina Societaria y Concursalg- N° 395 (oct. 2020)wREV4298